|
|
|
|
| LEADER |
00000naa2a2200000 4500 |
| 001 |
431716 |
| 005 |
20231101075414.0 |
| 035 |
|
|
|a (RuTPU)RU\TPU\prd\91878
|
| 035 |
|
|
|a RU\TPU\prd\30717
|
| 090 |
|
|
|a 431716
|
| 100 |
|
|
|a 20101202a2004 k y0rusy50 ca
|
| 101 |
0 |
|
|a rus
|
| 102 |
|
|
|a RU
|
| 200 |
1 |
|
|a Многоподрешеточная магнитная фаза, индуцированная внешним полем в синглетном магнетике
|f В. М. Калита, В. М. Локтев
|
| 225 |
1 |
|
|a Твердые тела
|e Структура
|
| 320 |
|
|
|a Библиогр.: 22 назв.
|
| 461 |
|
1 |
|0 (RuTPU)RU\TPU\prd\1443
|x 0044-4510
|t Журнал экспериментальной и теоретической физики
|l ЖЭТФ
|f Российская академия наук (РАН) ; Отделение физических наук РАН
|d 1931-
|
| 463 |
|
1 |
|0 (RuTPU)RU\TPU\prd\91858
|t Т. 125, вып. 5
|v с. 1149-1158
|d 2004
|
| 610 |
1 |
|
|a продольное магнитное поле
|
| 610 |
1 |
|
|a намагничивание
|
| 610 |
1 |
|
|a многоподрешеточные магнитные фазы
|
| 610 |
1 |
|
|a антиферромагнетики
|
| 610 |
1 |
|
|a одноионная анизотропия
|
| 610 |
1 |
|
|a синглет
|
| 610 |
1 |
|
|a магнитонеупорядоченное состояние
|
| 700 |
|
1 |
|a Калита
|b В. М.
|
| 701 |
|
1 |
|a Локтев
|b В. М.
|
| 801 |
|
1 |
|a RU
|b 63413507
|c 20041206
|g PSBO
|
| 801 |
|
2 |
|a RU
|b 63413507
|c 20180404
|g RCR
|
| 942 |
|
|
|c BK
|